Statistiques concernant Pays d'Océanie - Carte Quiz

Cliquez ici pour prendre le quiz!

Statistiques générales

  • Ce quiz a été pris 34 349 fois
  • Le résultat moyen est 7 sur 16

Réponses sur la Carte

Les réponses sont colorées sur une échelle allant du rouge au vert en fonction du pourcentage des utilisateurs qui les ont devinées à leur premier essai. Vous pouvez retrouver ces pourcentages ci-dessous.
Chargement ...
 

Statistiques - réponses

Réponse% Correct
Australie
99%
Nouvelle-Zélande
90%
Papouasie-Nouvelle-Guinée
79%
Micronésie
48%
Polynésie française
42%
Nouvelle-Calédonie (France)
41%
Îles Marshall
36%
Fidji
34%
Nauru
34%
Kiribati
32%
Palaos
32%
Salomon
30%
Samoa
28%
Tonga
23%
Vanuatu
21%
Tuvalu
17%

Distribution des résultats

Percentile par nombre de réponses

% des personnes avec chaque résultat

Votre développement - résultats

Vous n’avez pas pris ce quiz